Largest Empires to Exist - Statistics

General Stats
  • This quiz has been taken 30 times
  • The average score is 5 of 12
Answer Stats
Hint Answer % Correct
2 Mongol Empire
96%
1 British Empire
93%
3 Russian Empire
79%
5 Spanish Empire
79%
12 Japanese Empire
32%
4 Qing Dynasty
32%
8 Abbasid Caliphate
25%
7 Ummayyad Caliphate
25%
9 Yuan Dynasty
14%
10 Xiongnu Empire
11%
11 Empire of Brazil
7%
6 French 2nd Empire
4%
No matching quizzes found
Score Distribution
Percent of People with Each Score
Percentile by Number Answered
Your Score History
You have not taken this quiz